Wymień zwycięzców EMEA MASTERS - Statystyki

Ogólne statystyki
  • Ten quiz został rozwiązany 32 razy
  • Średni wynik to 42 z 75
Statystyki odpowiedzi
Hint Odpowiedź % Poprawnych
Los Ratones 2025 WinterTOP Baus
96%
ADC Crownie
96%
ADC Crownshot
96%
ADC Rekkles
96%
SUPP Rekkles
96%
MID Nemesis
93%
MID Nemesis
93%
ADC Caliste
89%
JG Cinkrof
89%
JG Cinkrof
89%
JG Cinkrof
89%
ADC Woolite
89%
SUPP Trymbi
86%
JG Velja
86%
JG Zanzarah
86%
JG Zanzarah
86%
Karmine Corp 2021 SummerTOP Cabochard
82%
Karmine Corp 2022 SpringTOP Cabochard
82%
Karmine Corp 2023 SummerTOP Cabochard
82%
MID Czekolad
82%
MID Saken
82%
MID Saken
82%
MID SAKEN
82%
MID SAKEN
82%
JG Selfmade
82%
SUPP Targamas
82%
SUPP Targamas
82%
SUPP Targamas
82%
MID Zwyroo
75%
Karmine Corp 2021 SpringTOP Adam
68%
JG bluerzor
68%
MID Kofte
68%
AGO ROGUE 2020 SummerTOP Szygenda
68%
Team Heretics 2022 SummerTOP iBo
64%
Team BDS Academy 2024 SummerTOP JNX
64%
MID Reeker
64%
JG 113
61%
ADC xMatty
61%
ADC xMatty
61%
ADC Jackspektra
57%
SUPP Parus
57%
SUPP Parus
57%
ADC Keduii
54%
JG SkewMond
50%
ADC BAO
46%
MID PowerOfEvil
46%
SUPP whiteinn
46%
ADC Carzzy
39%
ADC FORG1VENGRE
39%
SUPP Lilipp
36%
MID Vetheo
36%
BIG 2019 SummerTOP WhiteKnight
32%
ADC Fun K3y
29%
SUPP Labrov
29%
Eintracht Spandau 2024 SpringTOP Vertigo
29%
SUPP YellOwStaR
29%
JG Elramir
25%
MID Froggen
25%
SUPP Hantera
25%
ADC Neon
25%
JG inSec
21%
MID LIDER
21%
MAD Lions 2018 SummerTOP Werlyb
21%
İstanbul Wildcats 2023 SpringTOP Destroy
18%
Origen 2018 SpringTOP Expect
18%
JG Obsess
18%
MID ZaZee
18%
Misfits Premier 2019 SpringTOP Dan Dan
14%
JG Don Arts
14%
SUPP Falco
14%
SUPP Jesiz
14%
JG Tynx
14%
SUPP H1IVA
11%
ADC Hades
11%
LDLC OL 2020 SpringTOP Bando
7%
Nie znaleziono quizów pasujących do podanych kryteriów
Rozkład punktacji
Procent ludzi z każdym wynikiem
Percentyl według liczby udzielonych odpowiedzi
Twoja historia wyników
Nie rozwiązałeś tego quizu